Συνήθεις διαφορικές εξισώσεις

Αποθηκεύτηκε σε:
Λεπτομέρειες βιβλιογραφικής εγγραφής
Κύριος συγγραφέας: Σμυρλής, Γιώργος-Σωκράτης
Μορφή: Βιβλίο
Γλώσσα:Greek
Δημοσίευση: Λευκωσία : Πανεπιστημιακές εκδόσεις Κύπρου, 2013.
Θέματα:
Ετικέτες: Προσθήκη ετικέτας
Δεν υπάρχουν, Καταχωρήστε ετικέτα πρώτοι!

MARC

LEADER 00000cam a2200000 a 4500
001 1/120120
008 191014r2013####cy | ||| |||| ||gre||
020 |a 9789963700493 
040 |a GR-MyUa  |b gre  |c GR-MyUa  |e AACR2 
041 0 |a gre 
082 7 |a 515.352  |2 (23) 
100 1 |a Σμυρλής, Γιώργος-Σωκράτης. 
245 1 0 |a Συνήθεις διαφορικές εξισώσεις /   |c Γιώργος-Σωκράτης Σμυρλής.  
260 |a Λευκωσία :   |b Πανεπιστημιακές εκδόσεις Κύπρου,   |c 2013.  
300 |a xii,405 σ. ;   |c 23 εκ.  
500 |a Το ανά χείρας εγχειρίδιο προήλθε από τις σημειώσεις των διαλέξεων του μαθήματος Συνήθεις Διαφορικές Εξισώσεις ΜΑΣ 203, στο τμήμα Μαθηματικών και Στατιστικής του Πανεπιστημίου Κύπρου, κατά το χρονικό διάστημα 1994-2012 [...] 
504 |a Περιέχει διεθνή βιβλιογραφία (σ. 387-392), ελληνική (σ. 393) και ευρετήριο.  
650 0 |a Differential equations 
852 |a INST  |b SAMOS  |e 20191014  |h 515.352 ΣΜΥ  |p 005300046170  |q 005300046170  |t BK  |y 0 
920 |a Φελουζής  |b Βαγγέλης  |y Σάμος  |z 2019-10 
970 |a Γουβάλα  |b Βάσω  |z 14-10-2019